Research Methods Companion: for A Level Psychology (Record no. 5372)

MARC details
005 - DATE AND TIME OF LATEST TRANSACTION
control field 20250626135217.0
020 ## - INTERNATIONAL STANDARD BOOK NUMBER
International Standard Book Number 978-019-912962-1
082 ## - DEWEY DECIMAL CLASSIFICATION NUMBER
Classification number 001.42 FLA
100 ## - MAIN ENTRY--PERSONAL NAME
Author name FLANAGAN, C .
245 ## - TITLE STATEMENT
Title Research Methods Companion: for A Level Psychology
260 ## - PUBLICATION, DISTRIBUTION, ETC.
Place of publication, distribution, etc. New York,
Name of publisher, distributor, etc. Oxford University Press,
Date of publication, distribution, etc. 2012.
300 ## - PHYSICAL DESCRIPTION
Extent 159p.: ill.; picture,
Other physical details glossary & references,
Dimensions 27cm.
942 ## - ADDED ENTRY ELEMENTS (KOHA)
Source of classification or shelving scheme Dewey Decimal Classification
Koha item type Books
Holdings
Date last seen Total checkouts Full call number Barcode Cost, replacement price Price effective from Koha item type Lost status Source of classification or shelving scheme Damaged status Not for loan Withdrawn status Home library Current library Shelving location Date acquired Source of acquisition Cost, normal purchase price
06/26/2025   001.42 FLA MZA0002322 150000.00 06/26/2025 Books   Dewey Decimal Classification       CBE Mwanza CBE Mwanza General Collection 06/26/2025 Library Budget 50000.00